[Event "GER-chT U20 Girls"]
[Site "Stuttgart"]
[Date "2007.12.29"]
[Round "6.3"]
[White "Adomeit, Lena"]
[Black "Pantusenko, Valeria"]
[Result "0-1"]
[WhiteElo "1140"]
[BlackElo "1348"]
[PlyCount "64"]
[EventDate "2007.12.27"]
[EventType "team-swiss"]
[EventRounds "7"]
[EventCountry "GER"]
[SourceTitle "EXT 2009"]
[Source "ChessBase"]
[SourceDate "2008.11.26"]
[SourceVersion "1"]
[SourceVersionDate "2008.11.26"]
[SourceQuality "1"]
[WhiteTeam "Fritzdorf Gruen Weiss U20 Girls"]
[BlackTeam "Leipzig Gohlis U20 Girls"]
[WhiteTeamCountry "GER"]
[BlackTeamCountry "GER"]

1. c4 e6 2. d4 d5 3. e3 c6 4. Nc3 f5 5. Nf3 Bd6 6. c5 Bc7 7. Be2 Nd7 8. 0-0 Ngf6 9. Bd2 0-0 10. Ng5 Qe7 11. f4 Ne4 12. Ncxe4 fxe4 13. Bg4 Nf6 14. Be1 Nxg4 15. Qxg4 h6 16. Nh3 Bd8 17. Bg3 Qf6 18. Qe2 b6 19. b4 bxc5 20. bxc5 a5 21. Qb2 Ba6 22. Rf2 Bc7 23. Rd2 Rab8 24. Qc3 Rb7 25. Nf2 h5 26. h3 Rfb8 27. Rdd1 Bc4 28. a4 Rb2 29. Nxe4 Qg6 30. Ng5 R8b3 31. Qe1 Re2 32. Qf1 Rexe3 0-1

[Event "GER-chT U20 Girls"]
[Site "Stuttgart"]
[Date "2007.12.27"]
[Round "1.3"]
[White "Kosovska, Olena"]
[Black "Adomeit, Lena"]
[Result "1-0"]
[WhiteElo "1748"]
[BlackElo "1140"]
[PlyCount "41"]
[EventDate "2007.12.27"]
[EventType "team-swiss"]
[EventRounds "7"]
[EventCountry "GER"]
[SourceTitle "EXT 2009"]
[Source "ChessBase"]
[SourceDate "2008.11.26"]
[SourceVersion "1"]
[SourceVersionDate "2008.11.26"]
[SourceQuality "1"]
[WhiteTeam "Dresden Gruen Weiss U20 Girls"]
[BlackTeam "Fritzdorf Gruen Weiss U20 Girls"]
[WhiteTeamCountry "GER"]
[BlackTeamCountry "GER"]

1. c4 e5 2. Nc3 Nc6 3. Nf3 Nf6 4. g3 Bb4 5. Bg2 d6 6. 0-0 Bxc3 7. bxc3 0-0 8. Rb1 Rb8 9. d4 Bf5 10. Ra1 exd4 11. cxd4 Qd7 12. Re1 Bh3 13. Bh1 Qg4 14. Ng5 Ne7 15. Nxh3 Qxh3 16. Bg2 Qh5 17. Qd3 d5 18. cxd5 Nexd5 19. e4 Nb4 20. Qc4 Qa5 21. Bd2 1-0

[Event "NRW-ch U16 Girls"]
[Site "Kranenburg"]
[Date "2007.04.10"]
[Round "2"]
[White "Adomeit, Lena"]
[Black "Suarez, Daniela"]
[Result "1/2-1/2"]
[WhiteElo "1134"]
[BlackElo "1135"]
[PlyCount "58"]
[EventDate "2007.04.09"]
[EventType "swiss"]
[EventRounds "7"]
[EventCountry "GER"]
[SourceTitle "EXT 2008"]
[Source "ChessBase"]
[SourceDate "2007.11.25"]
[SourceVersion "1"]
[SourceVersionDate "2007.11.25"]
[SourceQuality "1"]

1. c4 c5 2. Nc3 Nf6 3. Nf3 Nc6 4. e4 d6 5. d3 e5 6. Bg5 Be7 7. Bxf6 Bxf6 8. Nd5 Bg4 9. Be2 Bxf3 10. Nxf6+ Qxf6 11. Bxf3 0-0 12. 0-0 Qh6 13. a3 Nd4 14. h3 Nxf3+ 15. Qxf3 Qd2 16. Qd1 Qxd1 17. Raxd1 a6 18. a4 a5 19. b3 b6 20. f3 f6 21. g4 g5 22. Kf2 Kg7 23. Rh1 Rh8 24. h4 h5 25. hxg5 hxg4 26. fxg4 fxg5 27. Kg2 Rxh1 28. Rxh1 Rh8 29. Rxh8 Kxh8 1/2-1/2

[Event "GER-chT U20 Girls"]
[Site "Naunhof"]
[Date "2005.12.28"]
[Round "4.3"]
[White "Adomeit, Lena"]
[Black "Erben, Larissa"]
[Result "0-1"]
[WhiteElo "1124"]
[BlackElo "1764"]
[PlyCount "106"]
[EventDate "2005.12.27"]
[EventType "team-swiss"]
[EventRounds "7"]
[EventCountry "GER"]
[SourceTitle "CBM 110 Extra"]
[Source "ChessBase"]
[SourceDate "2006.03.10"]
[SourceVersion "2"]
[SourceVersionDate "2006.03.10"]
[SourceQuality "1"]

1. c4 e5 2. Nc3 Nf6 3. Nf3 Nc6 4. e4 Bc5 5. d3 Ng4 6. Bg5 f6 7. Bh4 h5 8. h3 Nh6 9. Bg3 d6 10. Be2 g5 11. Bh2 f5 12. Nd2 g4 13. Nb3 Bb6 14. Qd2 a6 15. Bg1 f4 16. 0-0-0 Bd7 17. Nd5 Ba7 18. Na5 Rb8 19. f3 Bxg1 20. Rdxg1 g3 21. Nb3 Na7 22. Qa5 c6 23. Qxd8+ Kxd8 24. Nf6 Nf7 25. Nxd7 Kxd7 26. Rd1 c5 27. a3 b5 28. Na5 Nd8 29. Rd2 Ndc6 30. Nxc6 Nxc6 31. Rc2 Nd4 32. Rd1 Nxc2 33. Kxc2 bxc4 34. dxc4 Rb6 35. Rb1 Rhb8 36. b3 a5 37. a4 h4 38. Bd3 Rb4 39. Kc3 Kc6 40. Kc2 Kc7 41. Kc3 d5 42. exd5 e4 43. fxe4 Kd6 44. Be2 Ke5 45. Bf3 Rxa4 46. Rb2 Rab4 47. d6 a4 48. Bd1 Kxd6 49. Kd3 Ke5 50. Ra2 Rd8+ 51. Ke2 axb3 52. Ra5 b2 53. Rxc5+ Kd4 0-1

[Event "NRW U18 op"]
[Site "Olpe"]
[Date "2005.10.03"]
[Round "5.36"]
[White "Adomeit, Lena"]
[Black "Dilger, Jan"]
[Result "1-0"]
[WhiteElo "1042"]
[BlackElo "1299"]
[PlyCount "103"]
[EventDate "2005.10.01"]
[EventType "swiss"]
[EventRounds "7"]
[EventCountry "GER"]
[SourceTitle "CBM 108 Extra"]
[Source "ChessBase"]
[SourceDate "2005.11.04"]
[SourceVersion "1"]
[SourceVersionDate "2005.11.04"]
[SourceQuality "1"]

1. c4 e5 2. Nc3 Nf6 3. Nf3 d6 4. e4 Bg4 5. h3 Bh5 6. d3 Be7 7. Be2 h6 8. 0-0 0-0 9. a3 Nbd7 10. Be3 c6 11. b4 a6 12. Ra2 Rc8 13. Rd2 Qc7 14. Nh4 Bxe2 15. Qxe2 Nxe4 16. Nxe4 Bxh4 17. Qg4 f5 18. Qxh4 fxe4 19. Qxe4 Nf6 20. Qg6 Qf7 21. Qxf7+ Rxf7 22. d4 exd4 23. Rxd4 d5 24. c5 Ne4 25. f3 Ng3 26. Re1 Re8 27. Kf2 Nf5 28. Rdd1 Rfe7 29. Bf4 Kf7 30. g4 Rxe1 31. Rxe1 Nd4 32. Rxe8 Kxe8 33. Be5 Nc2 34. Bxg7 Nxa3 35. f4 Nc2 36. Bc3 Kf7 37. h4 d4 38. Bd2 d3 39. Kf3 Ke6 40. Ke4 Na3 41. f5+ Kf7 42. Kxd3 Kf6 43. Bc3+ Kf7 44. g5 hxg5 45. hxg5 Nb5 46. Be5 Na7 47. g6+ Kg8 48. Ke4 Nc8 49. Bd6 Kg7 50. Ke5 Kg8 51. f6 Kh8 52. f7 1-0

[Event "NRW-ch U14 Girls"]
[Site "Kranenburg"]
[Date "2005.03.29"]
[Round "3"]
[White "Gordeeva, Vitalia"]
[Black "Adomeit, Lena"]
[Result "1/2-1/2"]
[WhiteElo "1346"]
[BlackElo "1028"]
[PlyCount "69"]
[EventDate "2005.03.28"]
[EventType "swiss"]
[EventRounds "7"]
[EventCountry "GER"]
[SourceTitle "CBM 105 Extra"]
[Source "ChessBase"]
[SourceDate "2005.05.01"]
[SourceVersion "1"]
[SourceVersionDate "2005.05.01"]
[SourceQuality "1"]

1. e4 d5 2. exd5 Nf6 3. Nf3 Nxd5 4. Bc4 Bg4 5. h3 Bh5 6. Nc3 c6 7. Bxd5 cxd5 8. d4 e6 9. 0-0 Nc6 10. Be3 Bd6 11. Re1 Qf6 12. a3 0-0 13. Kf1 Qg6 14. g4 Bxg4 15. hxg4 Qxg4 16. Ke2 Rad8 17. Rg1 Qh5 18. Rh1 Qf5 19. Qd2 g6 20. Rag1 Be7 21. Rh6 f6 22. Nh4 Qh3 23. Rg3 Qh1 24. Nf3 Qa1 25. Qc1 Qxc1 26. Bxc1 Rf7 27. Rh1 Bd6 28. Rg2 Rg7 29. Bh6 Rf7 30. Bd2 Rg7 31. Re1 g5 32. Kd1 g4 33. Nh2 Bxh2 34. Rxh2 Nxd4 35. Rg2 1/2-1/2

[Event "GER-chT U20 Girls"]
[Site "Pori"]
[Date "2004.12.28"]
[Round "3.3"]
[White "Trunk, Cordula"]
[Black "Adomeit, Lena"]
[Result "1/2-1/2"]
[WhiteElo "1055"]
[BlackElo "986"]
[PlyCount "82"]
[EventDate "2004.12.27"]
[EventType "team-tourn"]
[EventRounds "7"]
[EventCountry "GER"]
[SourceTitle "EXT 2006"]
[Source "ChessBase"]
[SourceDate "2005.11.24"]
[SourceVersion "1"]
[SourceVersionDate "2005.11.24"]
[SourceQuality "1"]

1. e4 d5 2. exd5 Nf6 3. Nc3 Nxd5 4. Nf3 Nxc3 5. dxc3 Qxd1+ 6. Kxd1 Bg4 7. Be2 Nc6 8. h3 Bh5 9. Be3 0-0-0+ 10. Nd4 Bxe2+ 11. Kxe2 Nxd4+ 12. cxd4 Kb8 13. Rhe1 e6 14. Kf1 f5 15. Rad1 Bd6 16. Bg5 Rde8 17. d5 e5 18. Bc1 h6 19. f3 g5 20. Rd3 Ref8 21. a3 e4 22. Rde3 exf3 23. Rxf3 f4 24. g3 Rf5 25. c4 b6 26. b4 Rhf8 27. g4 Re5 28. Bb2 Rxe1+ 29. Kxe1 Re8+ 30. Kd2 Be5 31. Bxe5 Rxe5 32. Rd3 a6 33. d6 Kc8 34. a4 c6 35. d7+ Kd8 36. Rd6 Re7 37. Rxc6 Rxd7+ 38. Ke2 Re7+ 39. Kf3 Re3+ 40. Kg2 Re2+ 41. Kf3 Re3+ 1/2-1/2

[Event "NRW-ch U14 Girls"]
[Site "Wolfsburg"]
[Date "2004.04.15"]
[Round "5"]
[White "Stroessner, Lena"]
[Black "Adomeit, Lena"]
[Result "1-0"]
[WhiteElo "1245"]
[BlackElo "817"]
[PlyCount "79"]
[EventDate "2004.04.??"]
[EventType "swiss"]
[EventRounds "7"]
[EventCountry "GER"]
[SourceTitle "EXT 2005"]
[Source "ChessBase"]
[SourceDate "2004.11.15"]
[SourceVersion "1"]
[SourceVersionDate "2004.11.15"]
[SourceQuality "1"]

1. c4 e5 2. Nc3 Nc6 3. g3 Nf6 4. Bg2 d6 5. d3 h6 6. Nf3 Be7 7. 0-0 0-0 8. h3 d5 9. cxd5 Nxd5 10. Nxe5 Nxc3 11. Nxc6 Nxe2+ 12. Qxe2 bxc6 13. Kh2 Bb7 14. Be3 Re8 15. Qc2 Qd7 16. Rac1 Qe6 17. a3 Qa2 18. Ra1 Qe6 19. Rac1 Bf6 20. d4 Red8 21. Bxc6 Rab8 22. Bxb7 Rxb7 23. Rfd1 Qd5 24. Rd2 Rb6 25. Qxc7 Rb7 26. Qc2 Rbd7 27. Rcd1 Bg5 28. Bxg5 Qxg5 29. Qe4 f5 30. Qe3 Qg6 31. Qf4 Rf8 32. Rc1 Qb6 33. Rc5 g5 34. Qf3 f4 35. Qc6 Qd8 36. Qe6+ Rff7 37. Rf5 Rde7 38. Qg6+ Kf8 39. Qxh6+ Ke8 40. Qh8+ 1-0

[Event "NRW-ch U14 Girls"]
[Site "Wolfsburg"]
[Date "2004.04.13"]
[Round "3"]
[White "Adomeit, Lena"]
[Black "Schnieber, Jacqueline"]
[Result "1/2-1/2"]
[WhiteElo "817"]
[BlackElo "1141"]
[PlyCount "87"]
[EventDate "2004.04.??"]
[EventType "swiss"]
[EventRounds "7"]
[EventCountry "GER"]
[SourceTitle "EXT 2005"]
[Source "ChessBase"]
[SourceDate "2004.11.15"]
[SourceVersion "1"]
[SourceVersionDate "2004.11.15"]
[SourceQuality "1"]

1. d4 d5 2. c4 c6 3. e3 Nf6 4. Nf3 e6 5. Nc3 Nbd7 6. Be2 dxc4 7. Bxc4 b5 8. Be2 a6 9. a3 Be7 10. 0-0 0-0 11. Bd2 Bb7 12. Qc2 Rc8 13. Ne4 Nxe4 14. Qxe4 c5 15. Qxb7 Ra8 16. Bd3 c4 17. Bc2 Nf6 18. e4 Re8 19. e5 Nd5 20. Be4 Bf8 21. Bxd5 exd5 22. Ng5 Re7 23. Qc6 h6 24. Nf3 Re6 25. Qb7 Rb6 26. Qxf7+ Kxf7 27. Ba5 Rab8 28. Bxb6 Rxb6 29. Rfe1 Kg8 30. Re2 Rg6 31. Rae1 Qc7 32. e6 Be7 33. Re5 Qc8 34. Nh4 Bxh4 35. e7 Bxe7 36. Rxe7 Qg4 37. Re8+ Kf7 38. R1e7+ Kf6 39. g3 Qxd4 40. Re6+ Kf7 41. R8e7+ Kf8 42. Re8+ Kf7 43. R8e7+ Kf8 44. Re8+ 1/2-1/2

[Event "GER-chT U14 Girls"]
[Site "Greifswald"]
[Date "2003.12.29"]
[Round "5.2"]
[White "Adomeit, Lena"]
[Black "Gahn, Cornelia"]
[Result "0-1"]
[WhiteElo "817"]
[BlackElo "1275"]
[PlyCount "75"]
[EventDate "2003.12.27"]
[EventType "team-swiss"]
[EventRounds "7"]
[EventCountry "GER"]
[SourceTitle "EXT 2022"]
[Source "ChessBase"]
[SourceDate "2021.10.06"]
[SourceVersion "1"]
[SourceVersionDate "2021.10.06"]
[SourceQuality "1"]
[WhiteTeam "Fritzdorf Gruen Weiss U14 Girls"]
[BlackTeam "Delitzsch ESV U14 Girls"]
[WhiteTeamCountry "GER"]
[BlackTeamCountry "GER"]

1. d4 d5 2. c4 e6 3. e3 Nf6 4. Nf3 Be7 5. Be2 0-0 6. 0-0 Nbd7 7. Nc3 c6 8. Bd2 b6 9. b3 Bb7 10. Bd3 Re8 11. b4 Bxb4 12. a3 Bxc3 13. Bxc3 c5 14. dxc5 bxc5 15. cxd5 exd5 16. Bxf6 Nxf6 17. Qb1 Rb8 18. Ng5 Ba6 19. Bxh7+ Kf8 20. Qc2 Bxf1 21. Rxf1 Qe7 22. Re1 Nxh7 23. Nxh7+ Kg8 24. g3 g6 25. Rd1 Rbd8 26. Rc1 c4 27. Re1 Kxh7 28. h4 Qc7 29. Qc3 d4 30. exd4 Rxe1+ 31. Qxe1 Rxd4 32. Qe3 Rd3 33. Qc1 c3 34. Qg5 c2 35. h5 c1Q+ 36. Qxc1 Qxc1+ 37. Kg2 gxh5 38. f3 0-1

[Event "GER-chT U14 Girls"]
[Site "Greifswald"]
[Date "2003.12.27"]
[Round "1.2"]
[White "Feist, Andra"]
[Black "Adomeit, Lena"]
[Result "1/2-1/2"]
[WhiteElo "1392"]
[BlackElo "817"]
[PlyCount "64"]
[EventDate "2003.12.27"]
[EventType "team-swiss"]
[EventRounds "7"]
[EventCountry "GER"]
[SourceTitle "EXT 2022"]
[Source "ChessBase"]
[SourceDate "2021.10.06"]
[SourceVersion "1"]
[SourceVersionDate "2021.10.06"]
[SourceQuality "1"]
[WhiteTeam "Halle Franckesche Stift U14 Girls"]
[BlackTeam "Fritzdorf Gruen Weiss U14 Girls"]
[WhiteTeamCountry "GER"]
[BlackTeamCountry "GER"]

1. e4 e5 2. Nf3 Nc6 3. Bc4 Bc5 4. d3 d6 5. h3 Bd7 6. 0-0 Qe7 7. Bg5 f6 8. Be3 Bxe3 9. fxe3 0-0-0 10. Nc3 a6 11. Nd5 Qe8 12. c3 Nge7 13. Nd2 Rf8 14. Qb3 Na5 15. Qa3 Nxc4 16. Nxc4 Nxd5 17. exd5 Bb5 18. b4 Qg6 19. Rad1 f5 20. Qb3 f4 21. exf4 exf4 22. a4 f3 23. Rf2 Bxc4 24. Qxc4 Qg3 25. Qg4+ Qxg4 26. hxg4 fxg2 27. Kxg2 Rxf2+ 28. Kxf2 Re8 29. c4 b6 30. Kf3 Kb7 31. d4 c6 32. dxc6+ Kxc6 1/2-1/2